Universo interior : cerebro y conciencia : neurociencias /

Tercero de seis tomos de esta serie sobre varios de los más importantes avances de la ciencia a lo largo del siglo XX, en el que un grupo de neurofisiólogos mexicanos ofrecen una introducción al modo como ha evolucionado la comprensión de los procesos mentales.

Salvato in:
Dettagli Bibliografici
Autore principale: Fortes Besprosvani, Mauricio (coord.)
Altri autori: Villela Vega, Jorge (realización) (realización), Domínguez Cevallos, Lucina (guión) (guión), Puertas Rivas, José Luis (guión) (guión), Ascensio Rex, Jaime (fotógrafo) (fotógrafo), Chávez Téllez, Eduardo (fotógrafo) (fotógrafo), Tamez Domínguez, Gerardo (música) (música), Orozco Heredia, Yadira (actuación) (actuación), Arellano Valdés, Angel (actuación) (actuación), Sánchez Wade, Fabiola (actuación) (actuación)
Natura: Videodisco
Lingua:spagnolo
Pubblicazione: México : Secretaría de Educación Pública : Instituto Latinoamericano de la Comunicación Educativa, 2000, c2000
Serie:(Revoluciones Científicas Siglo XX ; 3)
Soggetti:
Tags: Aggiungi Tag
Nessun Tag, puoi essere il primo ad aggiungerne!!

MARC

LEADER 00000ngm^a2200000^a^4500
001 000136016
005 20250521000000.0
009 20260310095304.788
037 |a Acervo ITESO - Biblioteca 
041 |a ESP 
082 |a 509.  |b FOR V. 3 
100 |a Fortes Besprosvani, Mauricio  |e (coord.) 
240 1 1 |a [Revoluciones científicas siglo XX] 
245 1 0 |a Universo interior :  |b cerebro y conciencia : neurociencias /  |c Coord. de la serie de M. Fortes Besprosvani ; dir. de J. Villela Vega. 
264 4 |a México :  |b Secretaría de Educación Pública :  |b Instituto Latinoamericano de la Comunicación Educativa,  |c 2000, c2000 
300 |a 1 videocasete VHS  |c (29 min.) 
336 |a imagen móvil bidimensional  |b tdi  |2 rdacontenido 
337 |a video  |b v  |2 rdamedio 
338 |a videocasete  |b vf  |2 rdasoporte 
440 1 |a (Revoluciones Científicas Siglo XX ;  |v 3) 
520 |a Tercero de seis tomos de esta serie sobre varios de los más importantes avances de la ciencia a lo largo del siglo XX, en el que un grupo de neurofisiólogos mexicanos ofrecen una introducción al modo como ha evolucionado la comprensión de los procesos mentales. 
649 |a XX 
650 |a Fisiólogos Mexicanos 
650 |a Científicos Mexicanos 
650 |a Conciencia 
650 |a Psicología Cognitiva 
650 |a Psicología Fisiológica 
650 |a Neurología 
650 |a Neurociencias 
650 |a Cerebro 
650 |a Ciencia -  |z México -  |x Historia -  |y Siglo XX 
650 |a Ciencia -  |x Historia -  |y Siglo XX 
700 |a Villela Vega, Jorge  |e (realización) 
700 |a Domínguez Cevallos, Lucina  |e (guión) 
700 |a Puertas Rivas, José Luis  |e (guión) 
700 |a Ascensio Rex, Jaime  |e (fotógrafo) 
700 |a Chávez Téllez, Eduardo  |e (fotógrafo) 
700 |a Tamez Domínguez, Gerardo  |e (música) 
700 |a Orozco Heredia, Yadira  |e (actuación) 
700 |a Arellano Valdés, Angel  |e (actuación) 
700 |a Sánchez Wade, Fabiola  |e (actuación) 
910 |a Fondo General 
920 |a Audiovisuales - Videocasetes 
905 |a 301 
901 |a 0500055719  |b IT2  |c VIS  |u 20250521 
902 |a https://opac.biblio.iteso.mx/vufind/Record/000136016